000 00738nam a2200253 a 4500
005 20210219153129.0
008 991125n 000 0 u
035 _aUPN01000079266
100 _aBurgess, Donna M.
222 _aPHI DELTA KAPPAN
245 _aFetal alcohol syndrome and fetal alcohol effects : principles for educators
300 _a24-26, 28-30
362 _a74, No. 1, 1992
505 _aEnero 1993
653 0 _aESTUDIANTES CON NECESIDADES ESPECIALES
653 0 _aIDENTIFICACION
653 0 _aINFLUENCIAS PRENATALES
653 0 _aPROBLEMAS DE APRENDIZAJE
653 0 _aPROBLEMAS DE CONDUCTA
653 0 _aRETRASO MENTAL
700 _aStreissguth, Ann P.
904 _aAC
_b017077
905 _aArticulo
999 _c68988
_d68988